000 01322nam a2200337 a 4500
001 000115755
003 CHAP
005 20220329144547.0
008 190702s2019 mx a |sm |||||||spa d
010 _a112216
011 _a113188
040 _cCHAP
090 _aTesis
100 1 _aLemos Figueroa, Marisel.
_9136361
245 1 0 _aPobreza alimentaria en zonas cafetaleras de México, estudio de caso:
_h[En línea]
_bregión de las grandes montañas, Estado de Veracruz /
_cpor Marisel Lemos Figueroa.
260 _aChapingo, Méx. :
_bEl autor,
_c2019.
500 _aPara ver el contenido del material haga clic en la liga
502 _aTesis (PhD. en Ciencias en Desarrollo Rural Regional) -- UACH. Dirección General de Control Regional
590 _aBATCH-UPD
_b05
_c20190702
_lUCH01
_h1229
590 _aE6339RRR
_b05
_c20190702
_lUCH01
_h1130
590 _aE6339RRR
_b05
_c20190702
_lUCH01
_h1130
590 _aE6339RRR
_b05
_c20190702
_lUCH01
_h1228
650 1 4 _aComunidades rurales
_xAlimentación.
_9131360
650 1 4 _aComunidades rurales
_xPolítica y gobierno.
_9132001
650 1 4 _aPobreza rural
_zVeracruz.
_9135645
650 1 4 _aVeracruz
_xCondiciones rurales.
_9118808
856 _aFinding aid
_uhttp://10.13.5.2/tesis/sist115755.pdf
_zTeclea aquí
901 _aBK
942 _cTESIS
942 _n0
999 _c112216
_d112216